| 000 | 00521nam a22002057a 4500 | ||
|---|---|---|---|
| 999 |
_c3040 _d3040 |
||
| 003 | OSt | ||
| 005 | 20191015084013.0 | ||
| 008 | 160211b xxu||||| |||| 00| 0 eng d | ||
| 020 | _a0130926418 | ||
| 040 | _c040a | ||
| 082 |
_a003 _bTAN 2001 |
||
| 100 |
_aTanenbaum, Andrew S _96483 |
||
| 245 | _aModern Operating Systems | ||
| 250 | _a2nd.ed | ||
| 260 |
_aNew Jersey _bPrentice Hall _c2001 |
||
| 300 |
_axxiv, 951p; _bill: _c12 cm |
||
| 504 | _aincludes index | ||
| 650 |
_aOperating systems _927 |
||
| 942 |
_2ddc _cSLOAN |
||